Normal view
MARC view
Entry Personal Name
001 - CONTROL NUMBER
- control field: 83207
003 - CONTROL NUMBER IDENTIFIER
- control field: dpl
005 - DATE AND TIME OF LATEST TRANSACTION
- control field: 20250723161602.0
008 - FIXED-LENGTH DATA ELEMENTS
- fixed length control field: 250723|| aca||aabn | a|a d
040 ## - CATALOGING SOURCE
- Original cataloging agency: dpl
- Transcribing agency: dpl
100 ## - HEADING--PERSONAL NAME
- Personal name: A. Anuratha
670 ## - SOURCE DATA FOUND
- Source citation: Work cat.: (dpl)212516: Krishnan, V. 83206, A Glance at traditional Landraces of Rice/, 2022
